Adolf Schlatter : (Record no. 33032)
[ view plain ]
| 000 -LEADER | |
|---|---|
| fixed length control field | 00877nam a2200265 4500 |
| 005 - DATE AND TIME OF LATEST TRANSACTION | |
| control field | 20190215140348.0 |
| 008 - FIXED-LENGTH DATA ELEMENTS--GENERAL INFORMATION | |
| fixed length control field | 090427s1996 miua b 001 0beng |
| 020 ## - INTERNATIONAL STANDARD BOOK NUMBER | |
| International Standard Book Number | 0801020697 |
| 041 1# - LANGUAGE CODE | |
| Language code of text/sound track or separate title | eng |
| Language code of original and/or intermediate translations of text | ger |
| 100 1# - MAIN ENTRY--PERSONAL NAME | |
| Personal name | Neuer, Werner, |
| Dates associated with a name | 1951- |
| 240 10 - UNIFORM TITLE | |
| Uniform title | <a href="Adolf Schlatter.">Adolf Schlatter.</a> |
| Language of a work | English |
| 245 10 - TITLE STATEMENT | |
| Title | Adolf Schlatter : |
| Remainder of title | a biography of Germany's premier biblical theologian / |
| Statement of responsibility, etc | Werner Neuer ; translated by Robert W. Yarbrough. |
| 260 ## - PUBLICATION, DISTRIBUTION, ETC. (IMPRINT) | |
| Place of publication, distribution, etc | Grand Rapids, Mich. : |
| Name of publisher, distributor, etc | Baker Books, |
| Date of publication, distribution, etc | c1995. |
| 300 ## - PHYSICAL DESCRIPTION | |
| Extent | 229 p. : |
| Other physical details | ill. ; |
| Dimensions | 22 cm. |
| 336 ## - CONTENT TYPE | |
| Content Type Term | text |
| 337 ## - MEDIA TYPE | |
| Media Type Term | unmediated |
| 338 ## - CARRIER TYPE | |
| Carrier Type Term | volume |
| 504 ## - BIBLIOGRAPHY, ETC. NOTE | |
| Bibliography, etc | Includes bibliographical references and index. |
| 600 14 - SUBJECT ADDED ENTRY--PERSONAL NAME | |
| Personal name | Schlatter, Adolf von, |
| Dates associated with a name | 1852-1938. |
| 650 #4 - SUBJECT ADDED ENTRY--TOPICAL TERM | |
| Topical term or geographic name as entry element | New Testament scholars |
| Geographic subdivision | Germany |
| General subdivision | Biography. |
| 650 #4 - SUBJECT ADDED ENTRY--TOPICAL TERM | |
| Topical term or geographic name as entry element | Theologians |
| Geographic subdivision | Germany |
| General subdivision | Biography. |
| 951 ## - EQUIVALENCE OR CROSS-REFERENCE-GEOGRAPHIC NAME/AREA NAME [OBSOLETE] [CAN/MARC only] | |
| General subdivision | 00037614 |
| 942 ## - ADDED ENTRY ELEMENTS (KOHA) | |
| Source of classification or shelving scheme | Library of Congress Classification |
| Item type | Books |
| Withdrawn status | Lost status | Damaged status | Not for loan | Home library | Current library | Shelving location | Date acquired | Inventory number | Shelving control number | Total Checkouts | Full call number | Barcode | Date last seen | Price effective from | Koha item type | Source of classification or shelving scheme | Source of acquisition | Copy number |
|---|---|---|---|---|---|---|---|---|---|---|---|---|---|---|---|---|---|---|
| BSOP Library | BSOP Library | GC | 12/21/2000 | 32813 | 127 | BS2351.3/N39s/1996 | 00037614 | 02/23/2013 | 02/23/2013 | Books | ||||||||
| BSOP Library | BSOP Library | GC | 02/15/2019 | 45014 | BS2351.3 N39s 1996 c.2 | 00056014 | 02/15/2019 | 02/15/2019 | Books | Library of Congress Classification | Donated by Dr. William and Mariel Kirwan | c.2 |
